| 000 | 00754nam a22002297a 4500 | ||
|---|---|---|---|
| 999 |
_c2064 _d2064 |
||
| 003 | AR-CdUCM | ||
| 008 | 190301b ||||| |||| 00| 0 spa d | ||
| 040 |
_aMUNICIPALIDAD PROVINCIAL DEL CUSCO _cBIBLIOTECA MUNICIPAL DEL CUSCO |
||
| 082 |
_a869.56 / _bR24 |
||
| 100 |
_aRamos Relayze, Angela _97461 |
||
| 245 |
_aUna vida sin tregua / _cAngela Ramos Relayze |
||
| 260 |
_aLima : _bEdit. Minerva, _c1990. |
||
| 300 |
_a563 páginas; _bIlustraciones, _c20 cm. |
||
| 505 | _aCampañas -- Entrevistas y reportajes -- Crónicas periodísticas. | ||
| 650 |
_aAnécdotas. _92139 |
||
| 650 |
_aCrónica. _9637 |
||
| 650 |
_aBiografía. _922 |
||
| 650 |
_aPeriodista. _97462 |
||
| 650 |
_aEntrevista. _97463 |
||
| 942 |
_2ddc _cLIBROS |
||
| 945 |
_admma _d2019-03-01 |
||